000
00209 a2200097 4500
001
25778
100
_a
Eisberg, R M
245
_a
Fundamentals of modern physics
260
_a
_b
Wiley
_c
090
_c
17422
_d
17422
942
_a
NUST-CAE
_c
M
_c
8250
999
_c
260851
_d
260851